000 00618nam a22002417a 4500
003 UA-OsUOA
001 103258
007 ta
008 20131022b un ||||| |||| 00| 0 ukr d
100 _aШилов Ю. О.
090 _a902(477)
_bШ59
942 _cBK
040 _aUA-OsUOA
_bukr
_cUA-OsUOA
_dUA-OsUOA
245 _aПраслов'янська Аратта
300 _a94 с.
955 _a2
041 _aukr
080 _a902(477)
020 _a966-7192-56-3
260 _aК.
_bАратта
_c2003
650 7 _a9 Географія. Біографії. Історія
_2UDC
999 _c389747
_d389747